000 00598nam a2200193Ia 4500
005 20250507130237.0
008 008 250505s9999 xx 000 0 eng d
037 _aSeries Article
040 _aEASL
_beng
_cEASL
041 _aeng
_2eng
084 _qEASL
100 _aShi Lihong
_9669049
245 0 _aLittle Quilted vests to warm present ' Hearts"; Redefining the gendered practice of filial piety in rural North-eastern China
260 _aUK
_bUK Cambridge Univesity Press UK
_c2009
300 _a348-363
650 _aChina
942 _cSRA
999 _c1318528
_d1318528